| 000 | 01539nam a2200457 i 4500 | ||
|---|---|---|---|
| 001 | 29806 | ||
| 003 | KOSZ 005 | ||
| 005 | 20200710115630.0 | ||
| 008 | 970510s1993 pl f |000 0 pol | ||
| 015 | _aUWD 1993/57 | ||
| 020 | _a8301109599 | ||
| 035 | _a991000790239705066 | ||
| 035 | _a(PL-WaBN)b10249552-48omnis_nlop | ||
| 035 | _ab10249552 | ||
| 035 | _a(OCoLC)830055257 | ||
| 035 | _a(PL)b0000001024955 | ||
| 035 | _a(EXLNZ-48OMNIS_NETWORK)9910404638105606 | ||
| 040 |
_aWA N _cWA N _dKOSZ 005/EG |
||
| 080 | _a338.1(438)"15/17" | ||
| 100 | 1 |
_aKula, Witold _d(1916-1988) _eAutor |
|
| 245 | 1 | 0 |
_aRozwój gospodarczy Polski XVI-XVIII w[iek] / _cWitold Kula ; wstęp metodyczny oprac. Jacek Kochanowicz. |
| 260 |
_aWarszawa : _bWydaw. Naukowe PWN, _c1993. |
||
| 300 |
_a225, [3] s. ; _c21 cm. |
||
| 336 |
_aTekst _btxt _2rdacontent |
||
| 337 |
_aBez urządzenia pośredniczącego _bn _2rdamedia |
||
| 338 |
_aWolumin _bnc _2rdacarrier |
||
| 380 | _aKsiążki | ||
| 388 | _a1901-2000 | ||
| 388 | _a1989-2000 | ||
| 648 | 7 |
_a1501-1600 _2DBN |
|
| 648 | 7 |
_a1601-1700 _2DBN |
|
| 648 | 7 |
_a1701-1800 _2DBN |
|
| 650 | _aGospodarka | ||
| 651 | 7 |
_aPolska _2DBN |
|
| 658 | _aGospodarka, ekonomia, finanse | ||
| 700 | 1 |
_aKochanowicz, Jacek _d(1946-2014) _ePrzedmowa |
|
| 710 | 2 |
_aWydawnictwo Naukowe PWN _4pbl |
|
| 856 |
_uhttp://koha.tu.koszalin.pl/cgi-bin/koha/opac-detail.pl?biblionumber=29806 _yKatalog online BPK |
||
| 942 |
_2UKD _cKS |
||
| 999 |
_c29806 _d29806 |
||